NUTRITION and economic development exploring Egypt’s exceptionalism and the role of food subsidies

Guardat en:
Dades bibliogràfiques
Autor principal: Ecker, Olivier … [et al.]
Format: Llibre
Idioma:anglès
Publicat: International Food Policy Research Institute 2016
Etiquetes: Afegir etiqueta
Sense etiquetes, Sigues el primer a etiquetar aquest registre!

MARC

LEADER 00000nam a22000007a 4500
008 201217b ||||| |||| 00| 0 eng d
020 |a 978-0-89629-238-3 
100 |a Ecker, Olivier … [et al.] 
245 |a NUTRITION and economic development  |b exploring Egypt’s exceptionalism and the role of food subsidies  |c Olivier Ecker … [et al.]  |g  xxi, 258p.; ill. 
260 |b International Food Policy Research Institute  |c 2016  |h Washington, DC  |i 690084  |l HD9017 .E32N95  |m Food industry and trade - Subsidies – Egypt.  |m Nutrition policy – Egypt.  |m Egypt – Economic policy 
500 |a It includes bibliographical references and index 
942 |a lcc  |c BK  |e Kuteyi, M. A.  |f 17/12/2020 
952 |0 0  |1 0  |2 lcc  |4 0  |6 HD9017 E32 N95  |7 0  |9 671  |a HOL  |b HOL  |c GJ  |d 2020-12-17  |l 0  |o HD9017 .E32N95  |p 2020-22988  |r 2020-12-17 00:00:00  |w 2020-12-17  |y BK 
999 |c 368  |d 368